[Event "PRO League Group Stage"]
[Site "chess.com INT"]
[Date "2019.01.29"]
[Round "4"]
[White "Roberson, Peter T"]
[Black "Hong, Andrew"]
[Result "0-1"]
[WhiteTitle "IM"]
[BlackTitle "FM"]
[WhiteElo "2420"]
[BlackElo "2390"]
[WhiteTeam "London Lions"]
[BlackTeam "San Francisco Mechanics"]
[WhiteFideId "412384"]
[BlackFideId "2099438"]
[EventDate "2019.01.08"]

1. b3 c5 2. Bb2 Nf6 3. e3 Nc6 4. c4 e6 5. Nf3 d5 6. cxd5 exd5 7. Nc3 Be7 8. d4
O-O 9. Be2 Bg4 10. O-O Bxf3 11. Bxf3 cxd4 12. exd4 Qd7 13. Re1 Rfe8 14. Re3 Bd6
15. g3 Bc7 16. Kg2 Rad8 17. Qd3 h5 18. Rae1 Rxe3 19. Rxe3 h4 20. Na4 Bd6 21. Nc5
Qc8 22. Qb5 b6 23. Nd3 a6 24. Qxb6 h3+ 25. Kf1 Nd7 26. Bg4 Nxb6 27. Bxc8 Rxc8
28. Ke2 Nb4 29. Nxb4 Bxb4 30. Kd3 Nd7 31. f3 Kf8 32. Re2 Bd6 33. Bc3 Nb8 34. f4
Nd7 35. Re3 Nf6 36. g4 Nxg4 37. Ke2 Nxe3 0-1

[Event "PRO League Group Stage"]
[Site "chess.com INT"]
[Date "2019.01.29"]
[Round "4"]
[White "Stearman, Josiah"]
[Black "Harvey, Marcus R"]
[Result "1-0"]
[WhiteTitle "FM"]
[BlackTitle "FM"]
[WhiteElo "2298"]
[BlackElo "2397"]
[WhiteTeam "San Francisco Mechanics"]
[BlackTeam "London Lions"]
[WhiteFideId "2062496"]
[BlackFideId "400092"]
[EventDate "2019.01.08"]

1. d4 e6 2. c4 Nf6 3. Nc3 Bb4 4. g3 O-O 5. Bg2 c5 6. Nf3 cxd4 7. Nxd4 d5 8. cxd5
Nxd5 9. Qb3 Qb6 10. Bxd5 Qxd4 11. Bg2 Na6 12. Be3 Qe5 13. O-O Bxc3 14. bxc3 Qc7
15. Rab1 Nc5 16. Qc4 Na6 17. Qxc7 Nxc7 18. c4 Rb8 19. Bf4 Na6 20. Bxb8 Nxb8 21.
Bxb7 Bd7 22. Rfd1 Ba4 23. Rd6 Re8 24. c5 Kf8 25. Rb4 Bc2 26. c6 Ke7 27. Rd2 1-0

[Event "PRO League Group Stage"]
[Site "chess.com INT"]
[Date "2019.01.29"]
[Round "4"]
[White "Xiong, Jeffery"]
[Black "Salem, A.R. Saleh"]
[Result "0-1"]
[WhiteTitle "GM"]
[BlackTitle "GM"]
[WhiteElo "2672"]
[BlackElo "2672"]
[WhiteTeam "Dallas Destiny"]
[BlackTeam "Montreal Chessbrahs"]
[WhiteFideId "2047640"]
[BlackFideId "9301348"]
[EventDate "2019.01.08"]

1. d4 Nf6 2. c4 g6 3. Nc3 d5 4. cxd5 Nxd5 5. Na4 Nb6 6. e4 Bg7 7. Be3 O-O 8. Nf3
Nc6 9. Bb5 Bg4 10. Bxc6 bxc6 11. Nc5 Nc4 12. Qc2 Nxe3 13. fxe3 Bxf3 14. gxf3 e5
15. dxe5 Bxe5 16. Nd3 Bg7 17. O-O-O Qe7 18. h4 Rab8 19. h5 Rfd8 20. hxg6 hxg6
21. Rh2 Qe6 22. Qa4 c5 23. Rc2 Qh3 24. e5 Qxf3 25. Qf4 Qd5 26. b3 Qe6 27. Rxc5
Bf8 28. Rc4 Rb5 29. Kc2 Rbd5 30. Qh4 Qa6 31. a4 Qb6 32. Qe4 Bg7 33. e6 f5 34.
Qf4 Qxe6 35. Rxc7 Be5 36. Nxe5 Rxd1 37. Qh2 R8d2+ 0-1

[Event "PRO League Group Stage"]
[Site "chess.com INT"]
[Date "2019.01.29"]
[Round "4"]
[White "Hansen, Eric"]
[Black "Holt, Conrad"]
[Result "1/2-1/2"]
[WhiteTitle "GM"]
[BlackTitle "GM"]
[WhiteElo "2615"]
[BlackElo "2548"]
[WhiteTeam "Montreal Chessbrahs"]
[BlackTeam "Dallas Destiny"]
[WhiteFideId "2606771"]
[BlackFideId "2034387"]
[EventDate "2019.01.08"]

1. e4 e6 2. d4 d5 3. Nc3 Nf6 4. e5 Nfd7 5. f4 c5 6. Nf3 Nc6 7. Be3 Be7 8. Qd2
O-O 9. dxc5 Nxc5 10. Be2 a6 11. O-O b5 12. a3 Qc7 13. Nd4 Bb7 14. Nxc6 Qxc6 15.
Bd4 Ne4 16. Nxe4 dxe4 17. Qe3 a5 18. c3 b4 19. a4 Ba6 20. Bxa6 Rxa6 21. Rfe1
bxc3 22. bxc3 Rc8 23. Qxe4 Qxe4 24. Rxe4 Rc4 25. Kf2 f5 26. Re2 Bc5 27. Bxc5
Rxc5 28. Rd2 Ra7 29. Rad1 Rxc3 30. Rd8+ Kf7 31. R1d7+ Rxd7 32. Rxd7+ Kf8 33. Ra7
Rc4 34. g3 Rxa4 35. Ra8+ Ke7 36. Ra7+ Kf8 37. Ra8+ Kf7 38. Ra7+ Kf8 39. Ra8+ Kf7
40. Ra7+ 1/2-1/2

[Event "PRO League Group Stage"]
[Site "chess.com INT"]
[Date "2019.01.29"]
[Round "4"]
[White "Gorovets, Andrey"]
[Black "Kleinman, Michael"]
[Result "1-0"]
[WhiteTitle "GM"]
[BlackTitle "IM"]
[WhiteElo "2509"]
[BlackElo "2411"]
[WhiteTeam "Dallas Destiny"]
[BlackTeam "Montreal Chessbrahs"]
[WhiteFideId "13504037"]
[BlackFideId "2609479"]
[EventDate "2019.01.08"]

1. d4 Nf6 2. Bf4 b6 3. e3 Bb7 4. Nd2 g6 5. Ngf3 Bg7 6. h3 O-O 7. Bd3 d6 8. Qe2
Nbd7 9. Ba6 Qc8 10. Bxb7 Qxb7 11. O-O Ne4 12. Nxe4 Qxe4 13. c3 c5 14. Qb5 Qb7
15. e4 Qxe4 16. Qxd7 Qxf4 17. dxc5 dxc5 18. Qxe7 Rfe8 19. Qb7 Qe4 20. Qxe4 Rxe4
21. Rfe1 Rxe1+ 22. Rxe1 Bf6 23. Rd1 Re8 24. Kf1 b5 25. Rd5 Rc8 26. Ke2 Kf8 27.
Rd7 a5 28. Nd2 Re8+ 29. Kf3 Re7 30. Rxe7 Kxe7 31. Ne4 a4 32. Nxc5 a3 33. bxa3
Bxc3 34. a4 bxa4 35. Nxa4 Bd4 36. Ke2 Kd6 37. f3 Ke5 38. Kd3 Ba7 39. Nc3 f5 40.
a4 Bb6 41. Ne2 Kd5 42. Nc1 g5 43. Nb3 h5 44. a5 Ba7 45. a6 g4 46. Na5 Kc5 47.
Nc4 Kd5 48. Ne3+ Ke6 49. hxg4 fxg4 50. fxg4 hxg4 51. Nxg4 Kd5 52. Nf6+ Kc6 53.
g4 Bc5 54. g5 Bf8 55. Nd7 Bg7 56. Ke4 Kc7 57. g6 Kc8 58. Kd5 Kc7 59. Ke6 Bd4 60.
Ne5 Kb6 61. g7 1-0

[Event "PRO League Group Stage"]
[Site "chess.com INT"]
[Date "2019.01.29"]
[Round "4"]
[White "Rodrigue-Lemieux, Shawn"]
[Black "Zhu, Jiner"]
[Result "0-1"]
[WhiteTitle "FM"]
[BlackTitle "WIM"]
[WhiteElo "2293"]
[BlackElo "2424"]
[WhiteTeam "Montreal Chessbrahs"]
[BlackTeam "Dallas Destiny"]
[WhiteFideId "2620049"]
[BlackFideId "8608059"]
[EventDate "2019.01.08"]

1. e4 e5 2. Nf3 Nc6 3. Bc4 Nf6 4. d3 Bc5 5. c3 d6 6. Bb3 h6 7. Nbd2 a6 8. h3 Ba7
9. O-O O-O 10. Nc4 Be6 11. Ne3 Ne7 12. Nh4 d5 13. Qf3 dxe4 14. dxe4 Bxb3 15.
axb3 Ng6 16. Nef5 Nxh4 17. Nxh4 Nh7 18. Nf5 Kh8 19. Qg3 Qf6 20. h4 Rad8 21. Kh1
Rfe8 22. b4 c6 23. Ra3 Nf8 24. c4 Ne6 25. Rf3 Qg6 26. Qh2 Qh7 27. Rg3 Rd7 28. c5
f6 29. Be3 Nd4 30. Nd6 Re6 31. Bxd4 exd4 32. Qh3 Qg8 33. Rd3 b6 34. cxb6 Rexd6
35. bxa7 Rxa7 36. Rc1 Rad7 37. Qf5 Qb8 38. g3 Qxb4 39. Rxc6 Rxc6 40. Qxd7 Qe1+
41. Kg2 Qxe4+ 42. Rf3 Rc5 43. g4 Rd5 44. Qc8+ Kh7 45. Kg3 d3 46. Qc1 d2 47. Qd1
Qe5+ 48. Kg2 Qe1 49. Qc2+ f5 0-1

[Event "PRO League Group Stage"]
[Site "chess.com INT"]
[Date "2019.01.29"]
[Round "4"]
[White "Tiglon, Bryce"]
[Black "Tang, Andrew"]
[Result "0-1"]
[WhiteTitle "IM"]
[BlackTitle "GM"]
[WhiteElo "2390"]
[BlackElo "2487"]
[WhiteTeam "Seattle Sluggers"]
[BlackTeam "Minnesota Blizzard"]
[WhiteFideId "2087456"]
[BlackFideId "2059630"]
[EventDate "2019.01.08"]

1. e4 e5 2. Nf3 Nc6 3. Bb5 a6 4. Ba4 Nf6 5. O-O d6 6. Bxc6+ bxc6 7. d4 exd4 8.
Nxd4 c5 9. Nc6 Qd7 10. Na5 Qa4 11. Bd2 Be7 12. b3 Qxe4 13. Re1 Qg4 14. Qxg4 Bxg4
15. Nc6 Be6 16. Nxe7 Kxe7 17. Nc3 h6 18. Ne4 Nxe4 19. Rxe4 Kd7 20. Rae1 Rhb8 21.
Bc3 g6 22. f3 Kc6 23. Kf2 d5 24. Ra4 Bf5 25. Re2 d4 26. Bb2 g5 27. Ba3 Be6 28.
Bb2 Re8 29. Ba3 Reb8 30. Bb2 a5 31. Rd2 Rd8 32. Rd1 Bf5 33. Rd2 Re8 34. Rc4 Kb6
35. Ba3 Re5 36. Re2 Rxe2+ 37. Kxe2 Re8+ 38. Kd2 Re5 39. Bb2 Be6 40. Ra4 Bd7 41.
Ra3 Bb5 42. c4 dxc3+ 43. Bxc3 Re2+ 44. Kc1 Rxg2 45. Bxa5+ Kc6 46. Bc3 Rxh2 47.
Ra7 Rf2 48. a4 Bf1 49. Be5 Rxf3 50. Rxc7+ Kd5 51. Bg7 g4 52. Bf8 g3 53. Rxc5+
Ke4 54. Rc2 Bd3 55. Rc7 Rf2 56. Bc5 Rc2+ 57. Kd1 Rxc5 58. Re7+ Re5 59. Rxf7 g2
60. Rg7 Rg5 0-1

[Event "PRO League Group Stage"]
[Site "chess.com INT"]
[Date "2019.01.29"]
[Round "4"]
[White "Bok, Benjamin"]
[Black "Fernandez, Daniel"]
[Result "0-1"]
[WhiteTitle "GM"]
[BlackTitle "IM"]
[WhiteElo "2643"]
[BlackElo "2482"]
[WhiteTeam "Saint Louis Arch Bishops"]
[BlackTeam "Miami Champions"]
[WhiteFideId "1017063"]
[BlackFideId "2015390"]
[EventDate "2019.01.08"]

1. d4 Nf6 2. c4 e6 3. g3 Bb4+ 4. Nd2 Nc6 5. Nf3 O-O 6. Bg2 d6 7. O-O Bxd2 8.
Bxd2 Qe7 9. Qc2 e5 10. Bc3 exd4 11. Nxd4 Nxd4 12. Bxd4 Re8 13. e3 Ne4 14. b4 Bf5
15. Qb2 f6 16. c5 dxc5 17. bxc5 b6 18. c6 a5 19. Rfd1 Rad8 20. Rac1 Nd6 21. h4
Bg4 22. f3 Be6 23. e4 Nc4 24. Qe2 Qb4 25. f4 Bf7 26. Kh2 Qa4 27. Ba1 Rxd1 28.
Qxd1 Qxa2 29. Qd4 Nd2 30. Qd7 Nxe4 31. Re1 Qf2 32. Rxe4 Rxe4 33. Qxc7 Be8 34.
Qd8 Re3 35. Bc3 Qxg3+ 36. Kg1 Re2 37. Qd5+ Kh8 38. c7 Qxc3 39. Qc6 Rxg2+ 40.
Qxg2 Qxc7 0-1

[Event "PRO League Group Stage"]
[Site "chess.com INT"]
[Date "2019.01.29"]
[Round "4"]
[White "Iturrizaga Bonelli, Eduardo"]
[Black "Salem, A.R. Saleh"]
[Result "1-0"]
[WhiteTitle "GM"]
[BlackTitle "GM"]
[WhiteElo "2637"]
[BlackElo "2672"]
[WhiteTeam "Miami Champions"]
[BlackTeam "Montreal Chessbrahs"]
[WhiteFideId "3901211"]
[BlackFideId "9301348"]
[EventDate "2019.01.08"]

1. Nf3 c5 2. c4 Nf6 3. Nc3 d5 4. cxd5 Nxd5 5. g3 Nc6 6. Bg2 g6 7. h4 h6 8. d3
Bg7 9. Bd2 b6 10. h5 gxh5 11. Rxh5 Nf6 12. Rh4 Bd7 13. d4 cxd4 14. Nxd4 Rc8 15.
Nxc6 Bxc6 16. Bxc6+ Rxc6 17. Qa4 Qd7 18. Rd4 Qb7 19. O-O-O b5 20. Qa5 O-O 21.
Kb1 Rb6 22. Be3 b4 23. Nd5 Rb5 24. Nxf6+ exf6 25. Qa4 b3 26. a3 f5 27. Rb4 Rxb4
28. Qxb4 Qc7 29. Rc1 Qe5 30. Qd2 Kh7 31. Rc5 Qe4+ 32. Qd3 Rd8 33. Qxe4 fxe4 34.
Kc1 a5 35. Rxa5 Kg6 36. Rb5 Rc8+ 37. Kb1 Rc2 38. Rxb3 Rxe2 39. a4 Re1+ 40. Kc2
Ra1 41. Ra3 Rxa3 42. bxa3 1-0

[Event "PRO League Group Stage"]
[Site "chess.com INT"]
[Date "2019.01.29"]
[Round "4"]
[White "Hansen, Eric"]
[Black "Bachmann, Axel"]
[Result "1/2-1/2"]
[WhiteTitle "GM"]
[BlackTitle "GM"]
[WhiteElo "2615"]
[BlackElo "2631"]
[WhiteTeam "Montreal Chessbrahs"]
[BlackTeam "Miami Champions"]
[WhiteFideId "2606771"]
[BlackFideId "3700488"]
[EventDate "2019.01.08"]

1. e4 c5 2. Nf3 e6 3. d4 cxd4 4. Nxd4 Nc6 5. Nc3 Qc7 6. Be3 a6 7. Qd2 Nf6 8.
O-O-O Be7 9. f3 h5 10. h3 b5 11. Bd3 h4 12. f4 Bb7 13. e5 b4 14. Ne4 Nd5 15. Kb1
Rc8 16. Nb3 Na5 17. Nxa5 Qxa5 18. Bd4 Qa4 19. Qf2 g6 20. Bc5 Nc3+ 21. bxc3 Bxe4
22. Bxe7 bxc3 23. Qb6 Bxd3 24. Rxd3 Kxe7 25. Qd6+ Ke8 26. Ka1 Qc6 27. Qd4 Ke7
28. Rb1 Rb8 29. Rxc3 Rxb1+ 30. Kxb1 Rb8+ 31. Rb3 Rxb3+ 32. axb3 Qxg2 33. Qd6+
Ke8 34. Qb8+ Ke7 35. Qd6+ Ke8 36. Qb8+ Ke7 37. Qd6+ 1/2-1/2

[Event "PRO League Group Stage"]
[Site "chess.com INT"]
[Date "2019.01.29"]
[Round "4"]
[White "Fernandez, Daniel"]
[Black "Kleinman, Michael"]
[Result "1-0"]
[WhiteTitle "IM"]
[BlackTitle "IM"]
[WhiteElo "2482"]
[BlackElo "2411"]
[WhiteTeam "Miami Champions"]
[BlackTeam "Montreal Chessbrahs"]
[WhiteFideId "2015390"]
[BlackFideId "2609479"]
[EventDate "2019.01.08"]

1. e4 c6 2. d4 d5 3. e5 Bf5 4. Nf3 e6 5. Be2 Ne7 6. c3 h6 7. O-O Nd7 8. Nbd2 a5
9. Ne1 a4 10. Ndf3 Bg6 11. Nd3 Nf5 12. Nf4 Bh7 13. Bd3 c5 14. Bc2 a3 15. bxa3 c4
16. a4 Be7 17. Rb1 b6 18. g4 Nh4 19. Bxh7 Nxf3+ 20. Qxf3 Rxh7 21. Qd1 Qc7 22.
Qc2 Rh8 23. Nh5 g6 24. Ng3 h5 25. gxh5 gxh5 26. f4 h4 27. Ne2 Qc6 28. f5 Rg8+
29. Kh1 Nxe5 30. fxe6 fxe6 31. Qh7 Kd7 32. Ba3 Rge8 33. Nf4 Rxa4 34. Rbe1 Rxa3
35. Rxe5 Rxc3 36. Rxe6 Qa4 37. Qf5 Qc2 38. Rxe7+ Kxe7 39. Re1+ Kd8 40. Qxd5+ Kc7
41. Qf7+ Kd6 42. Re6+ Rxe6 43. Qxe6+ Kc7 44. Nd5+ 1-0

[Event "PRO League Group Stage"]
[Site "chess.com INT"]
[Date "2019.01.29"]
[Round "4"]
[White "Rodrigue-Lemieux, Shawn"]
[Black "Myers, Dominique"]
[Result "1-0"]
[WhiteTitle "FM"]
[WhiteElo "2293"]
[BlackElo "2018"]
[WhiteTeam "Montreal Chessbrahs"]
[BlackTeam "Miami Champions"]
[WhiteFideId "2620049"]
[BlackFideId "2041715"]
[EventDate "2019.01.08"]

1. e4 e5 2. Nf3 Nc6 3. Bc4 Nf6 4. d3 Bc5 5. c3 d6 6. Bb3 a6 7. Nbd2 Ba7 8. Nc4
Ne7 9. Ne3 Ng6 10. Nf5 O-O 11. h3 d5 12. Qe2 Re8 13. g3 Bxf5 14. exf5 e4 15.
dxe4 Rxe4 16. Be3 Bxe3 17. fxe3 Qe7 18. O-O-O Rxe3 19. Qf2 Re2 20. Qd4 c5 21.
Qg1 Ne5 22. Nxe5 Rxe5 23. g4 Rd8 24. Kb1 Ne4 25. Qg2 d4 26. cxd4 cxd4 27. Rhf1
Rd6 28. Qc2 Nc5 29. Rf4 d3 30. Qc3 h6 31. h4 Re2 32. Qxc5 Qe3 33. Qxd6 1-0

[Event "PRO League Group Stage"]
[Site "chess.com INT"]
[Date "2019.01.29"]
[Round "4"]
[White "Shankland, Samuel"]
[Black "Xiong, Jeffery"]
[Result "0-1"]
[WhiteTitle "GM"]
[BlackTitle "GM"]
[WhiteElo "2725"]
[BlackElo "2672"]
[WhiteTeam "San Francisco Mechanics"]
[BlackTeam "Dallas Destiny"]
[WhiteFideId "2004887"]
[BlackFideId "2047640"]
[EventDate "2019.01.08"]

1. d4 Nf6 2. c4 g6 3. Nc3 d5 4. Bg5 Bg7 5. e3 dxc4 6. Bxc4 c5 7. dxc5 Qa5 8. Nf3
Ne4 9. O-O Nxc3 10. bxc3 Qxc5 11. Qb3 O-O 12. Rad1 Nc6 13. Rd5 Qb6 14. Nd4 Qc7
15. Rd1 Ne5 16. Be2 a6 17. Qa3 e6 18. Rc5 Qb8 19. Bf4 Rd8 20. h3 b6 21. Rxe5
Bxe5 22. Nc6 Rxd1+ 23. Bxd1 Qd6 24. Qxd6 Bxd6 25. Bxd6 Bb7 26. Nd4 Rc8 27. Ne2
Rd8 0-1

[Event "PRO League Group Stage"]
[Site "chess.com INT"]
[Date "2019.01.29"]
[Round "4"]
[White "Holt, Conrad"]
[Black "Naroditsky, Daniel"]
[Result "1/2-1/2"]
[WhiteTitle "GM"]
[BlackTitle "GM"]
[WhiteElo "2548"]
[BlackElo "2616"]
[WhiteTeam "Dallas Destiny"]
[BlackTeam "San Francisco Mechanics"]
[WhiteFideId "2034387"]
[BlackFideId "2026961"]
[EventDate "2019.01.08"]

1. d4 Nf6 2. c4 g6 3. Nc3 Bg7 4. e4 d6 5. Nf3 O-O 6. h3 e5 7. d5 a5 8. Bg5 Na6
9. Nd2 c6 10. Be2 Nc5 11. O-O a4 12. Qc2 Qa5 13. Rab1 Bd7 14. Rfd1 cxd5 15. Bxf6
Bxf6 16. Nxd5 Qd8 17. Bg4 Bc6 18. b4 axb3 19. Nxb3 Na6 20. Qc3 Bg7 21. c5 dxc5
22. Nxc5 Nxc5 23. Qxc5 Qa5 24. Ne7+ Kh8 25. Qxa5 Rxa5 26. Nxc6 bxc6 27. Rb2 h5
28. Be2 Ra4 29. Rc2 Rxe4 30. Kf1 Ra8 31. Rd7 Rea4 32. Bc4 R8a7 33. Rd8+ Kh7 34.
Bb3 Rd4 35. Rxd4 exd4 36. Ke2 Rc7 37. Kd3 c5 38. a4 Rb7 39. Bd5 Ra7 40. Bc6 Bf8
41. Re2 Kg7 42. Kc4 Bd6 43. Re8 Kf6 44. Bb5 Be7 45. Kd5 d3 46. Bxd3 Rxa4 47. Bc4
Rb4 48. Ra8 Rb1 49. Ra2 Rd1+ 50. Kc6 Rd4 51. Kb5 h4 52. Rc2 Bd6 53. Ka4 Ke7 54.
Kb3 Be5 55. Re2 f6 56. Re3 Rf4 57. f3 Kd6 58. Rd3+ Bd4 59. Kc2 Rf5 60. Rd2 Re5
61. Re2 Rxe2+ 62. Bxe2 Ke5 63. Bd3 g5 64. Kd2 Kf4 65. Ke2 Be3 66. Ba6 Bd4 67.
Bb5 Kg3 68. Kf1 Be3 69. Ba6 Kf4 70. Ke2 Bd4 71. Bb5 f5 72. Ba6 Kg3 73. Kf1 Kf4
74. Ke2 Kg3 75. Kf1 g4 76. fxg4 fxg4 77. hxg4 Kxg4 78. Ke2 Kg3 79. Kf1 Kf4 80.
Ke2 1/2-1/2

[Event "PRO League Group Stage"]
[Site "chess.com INT"]
[Date "2019.01.29"]
[Round "4"]
[White "Hong, Andrew"]
[Black "Gorovets, Andrey"]
[Result "0-1"]
[WhiteTitle "FM"]
[BlackTitle "GM"]
[WhiteElo "2390"]
[BlackElo "2509"]
[WhiteTeam "San Francisco Mechanics"]
[BlackTeam "Dallas Destiny"]
[WhiteFideId "2099438"]
[BlackFideId "13504037"]
[EventDate "2019.01.08"]

1. e4 d5 2. exd5 Qxd5 3. Nc3 Qa5 4. d4 Nf6 5. Nf3 c6 6. Bc4 Bf5 7. O-O e6 8. Re1
Bb4 9. Bd2 O-O 10. a3 Bxc3 11. Bxc3 Qc7 12. b3 Rd8 13. Qe2 b5 14. Bd3 Nbd7 15.
Bb2 Bxd3 16. Qxd3 a6 17. Qe3 a5 18. a4 b4 19. Rad1 Nd5 20. Qg5 h6 21. Qg4 Qf4
22. Qh3 Qf5 23. Qxf5 exf5 24. Ne5 Nxe5 25. dxe5 Kf8 26. Bd4 Ke7 27. Bc5+ Ke6 28.
Rd4 g5 29. g3 g4 30. h3 h5 31. h4 Nc3 32. Rc4 Rd5 33. Bd4 Ne4 34. Rxc6+ Kd7 35.
Rc4 Nd2 36. Rd1 Nf3+ 37. Kf1 Rc8 38. Rxc8 Kxc8 39. c3 bxc3 40. Rc1 Nxd4 41.
Rxc3+ Kd7 42. Re3 Ke6 43. Rc3 Kd7 44. Re3 Nc6 45. f4 gxf3 46. Rxf3 Rxe5 47. Rd3+
Ke6 48. Kf2 Rd5 49. Rc3 Ne5 50. Ke3 Kf6 51. Ke2 Ng6 52. Ke3 Re5+ 53. Kf3 Ne7 54.
Rc7 Nd5 55. Rb7 Re3+ 56. Kf2 Rd3 57. Rb5 Nc3 58. Rxa5 Ne4+ 59. Ke2 Rxb3 60. Rb5
Nxg3+ 61. Kf2 Ne4+ 62. Ke2 Rxb5 63. axb5 Nd6 64. b6 Ke5 65. Kf3 f4 66. Kf2 Nb7
67. Ke2 Ke4 68. Kf2 f3 69. Kf1 Ke3 70. Ke1 f2+ 71. Kf1 f6 72. Kg2 Ke2 73. Kg3
f1=R 74. Kg2 f5 75. Kg3 f4+ 76. Kg2 Rf3 77. Kh2 Rg3 78. Kh1 Rg4 79. Kh2 Kd3 80.
Kh3 Kc4 81. Kh2 Kb5 0-1

[Event "PRO League Group Stage"]
[Site "chess.com INT"]
[Date "2019.01.29"]
[Round "4"]
[White "Zhu, Jiner"]
[Black "Stearman, Josiah"]
[Result "1-0"]
[WhiteTitle "WIM"]
[BlackTitle "FM"]
[WhiteElo "2424"]
[BlackElo "2298"]
[WhiteTeam "Dallas Destiny"]
[BlackTeam "San Francisco Mechanics"]
[WhiteFideId "8608059"]
[BlackFideId "2062496"]
[EventDate "2019.01.08"]

1. e4 c5 2. Nf3 Nc6 3. d4 cxd4 4. Nxd4 Nf6 5. Nc3 e5 6. Ndb5 d6 7. Bg5 a6 8. Na3
b5 9. Nd5 Be7 10. Bxf6 Bxf6 11. c4 Nd4 12. cxb5 Be6 13. Bc4 axb5 14. Bxb5+ Kf8
15. Bc4 Qa5+ 16. Qd2 Bd8 17. Qxa5 Bxa5+ 18. Kd1 f5 19. f3 g6 20. Nc2 Nxc2 21.
Kxc2 Kf7 22. Kd3 Rhc8 23. Rhc1 Rab8 24. b4 Bd8 25. a4 Bg5 26. Rc2 Kg7 27. Rb1
Rb7 28. a5 Rcb8 29. Nb6 Bxc4+ 30. Rxc4 Bd8 31. Nd5 Bxa5 32. Kc3 Bb6 33. Rc6 Bd4+
34. Kc4 Ra7 35. b5 Ra4+ 36. Rb4 Ra1 37. b6 Bc5 38. Rb3 Ra4+ 39. Kb5 Ra7 40. Kc4
Ra4+ 41. Kc3 fxe4 42. fxe4 Rxe4 43. b7 Rd4 44. Rc7+ Kh6 45. Ne7 Re4 46. Nc6 Re3+
47. Kc2 Re2+ 48. Kd1 Rxb7 49. Rbxb7 Rxg2 50. Rxh7+ Kg5 51. Nd8 Kg4 52. Ne6 Be3
53. Rbd7 Rd2+ 54. Ke1 Kf3 55. Rdf7+ Ke4 56. Ra7 d5 57. Ra4+ d4 58. Nc5+ Kd5 59.
Ra5 Rc2 60. Nd7+ Ke4 61. Rxe5+ Kd3 62. Nc5+ Kc4 63. Rc7 Rxh2 64. Re6 g5 65. Nd7+
Kd5 66. Re8 g4 67. Nf6+ Kd6 68. Rd7+ Kc5 69. Nxg4 Rh1+ 70. Ke2 Kc6 71. Rdd8 Ra1
72. Nxe3 dxe3 73. Kxe3 Re1+ 74. Kf2 Ra1 75. Rd2 Ra7 76. Rc8+ Kb5 77. Rc1 Rf7+
78. Ke1 Re7+ 79. Kd1 Re4 80. Rb2+ 1-0

[Event "PRO League Group Stage"]
[Site "chess.com INT"]
[Date "2019.01.29"]
[Round "4"]
[White "Corrales Jimenez, Fidel"]
[Black "Movsesian, Sergei"]
[Result "1-0"]
[WhiteTitle "GM"]
[BlackTitle "GM"]
[WhiteElo "2559"]
[BlackElo "2629"]
[WhiteTeam "Minnesota Blizzard"]
[BlackTeam "London Lions"]
[WhiteFideId "3506690"]
[BlackFideId "310204"]
[EventDate "2019.01.08"]

1. d4 Nf6 2. c4 e6 3. Nc3 Bb4 4. a3 Bxc3+ 5. bxc3 d5 6. e3 c6 7. cxd5 cxd5 8.
Nf3 O-O 9. c4 dxc4 10. Bxc4 b6 11. Ne5 Ba6 12. Qf3 Nd5 13. Bxa6 Nxa6 14. e4 Ne7
15. Be3 Rc8 16. O-O Qd6 17. Rfd1 Rc3 18. Qe2 Nb8 19. Bd2 Rcc8 20. Bb4 Qd8 21. d5
exd5 22. exd5 Re8 23. Nxf7 Nf5 24. Nxd8 Rxe2 25. Ne6 Rcc2 26. Be1 Ne3 27. Nd4
Nxd1 28. Nxe2 Rxe2 29. Rxd1 Nd7 30. Bb4 a5 31. Bd6 Kf7 32. h4 Re4 33. g3 Nf6 34.
Kg2 Rc4 35. Be5 Nd7 36. Bd4 b5 37. Kf3 b4 38. axb4 Rxb4 39. Ke3 Rb3+ 40. Ke4 Rb4
41. Kd3 g6 42. Rc1 Ke7 43. Rc6 Rb3+ 44. Kc4 Rb4+ 45. Kc3 Rb5 46. Kc4 Rb4+ 47.
Kd3 Rb5 48. Ke4 Rb4 49. h5 gxh5 50. Re6+ Kf7 51. Rh6 Nf8 52. f4 a4 53. f5 Rb3
54. Ra6 Nd7 55. Ra7 Ke8 56. f6 Rb8 57. f7+ Kd8 58. Rxd7+ Kxd7 59. Bc5 1-0

[Event "PRO League Group Stage"]
[Site "chess.com INT"]
[Date "2019.01.29"]
[Round "4"]
[White "Haria, Ravi"]
[Black "Henriquez Villagra, Cristobal"]
[Result "1/2-1/2"]
[WhiteTitle "IM"]
[BlackTitle "GM"]
[WhiteElo "2450"]
[BlackElo "2504"]
[WhiteTeam "London Lions"]
[BlackTeam "Minnesota Blizzard"]
[WhiteFideId "415820"]
[BlackFideId "3409350"]
[EventDate "2019.01.08"]

1. Nf3 d5 2. g3 g6 3. Bg2 Bg7 4. d4 Nf6 5. O-O O-O 6. c4 c6 7. cxd5 cxd5 8. Nc3
Nc6 9. Ne5 e6 10. Nxc6 bxc6 11. Bf4 Nh5 12. Be3 f5 13. Qd2 f4 14. Bxf4 Nxf4 15.
gxf4 Qh4 16. e3 Rf5 17. Ne2 Ba6 18. Rfc1 Bxe2 19. Qxe2 Raf8 20. Qf3 e5 21. dxe5
Bxe5 22. Rxc6 Bxb2 23. Rb1 Bf6 24. Rc5 d4 25. Rxf5 gxf5 26. exd4 Kh8 27. d5 Be7
28. Re1 Bd6 29. Qc3+ Qf6 30. Qxf6+ Rxf6 31. Re6 Rxe6 32. dxe6 Kg7 33. Bd5 Kf6
34. Kg2 Bxf4 1/2-1/2

[Event "PRO League Group Stage"]
[Site "chess.com INT"]
[Date "2019.01.29"]
[Round "4"]
[White "Tang, Andrew"]
[Black "Roberson, Peter T"]
[Result "1-0"]
[WhiteTitle "GM"]
[BlackTitle "IM"]
[WhiteElo "2487"]
[BlackElo "2420"]
[WhiteTeam "Minnesota Blizzard"]
[BlackTeam "London Lions"]
[WhiteFideId "2059630"]
[BlackFideId "412384"]
[EventDate "2019.01.08"]

1. d4 d5 2. Bf4 c5 3. e3 Nc6 4. Nf3 cxd4 5. exd4 Bf5 6. c3 e6 7. Qb3 Qd7 8. Nbd2
f6 9. h3 g5 10. Bh2 Nh6 11. Be2 Nf7 12. c4 dxc4 13. Nxc4 Bb4+ 14. Kf1 O-O 15.
Rd1 Be7 16. Ne3 Be4 17. d5 exd5 18. Nxd5 Rad8 19. Nxf6+ Bxf6 20. Rxd7 Rxd7 21.
Bg3 Bd5 22. Qc2 Re8 23. Qf5 Re6 24. h4 Ne7 25. Qc2 Rc6 26. Qb1 g4 27. Ng5 Nxg5
28. hxg5 Be4 29. Qe1 Bxb2 30. Bxg4 Rd4 31. Be5 Bd3+ 32. Kg1 Re4 33. Qxe4 Bxe4
34. Bxb2 Rc2 35. Bd4 Bd5 36. a3 Rc4 37. Rh4 Rxd4 38. Be6+ Bxe6 39. Rxd4 Kf7 40.
f4 Nf5 41. Rd8 a6 42. Kf2 Ne7 43. Rb8 b5 44. Rb6 Nd5 45. Rb7+ Kg6 46. Kf3 h6 47.
gxh6 Kxh6 48. g4 Nc3 49. Rb6 1-0